Водное хозяйство гальванического производства (Запись № 50564)

Подробности
000 -МАРКЕР
контрольное поле 02167nam0a2200337 4500
001 - ИДЕНТИФИКАТОР ЗАПИСИ
контрольное поле RU\NLR\bibl\13481
005 - ИДЕНТИФИКАТОР ВЕРСИИ
контрольное поле 20260405081737.0
021 ## - НОМЕР ГОСУДАРСТВЕННОЙ РЕГИСТРАЦИИ
Код страны Российская Федерация
Номер 98-30762
Номер Листа государственной регистраци 1456
035 ## - ДРУГИЕ СИСТЕМНЫЕ НОМЕРА
Идентификатор записи (NLR Aleph) 000013148
100 ## - ДАННЫЕ ОБЩЕЙ ОБРАБОТКИ
Данные общей обработки 19990212d1998 |||y0rusy50 ca
101 0# - ЯЗЫК РЕСУРСА
Язык текста, звукозаписи и т.д. русский
102 ## - СТРАНА ПУБЛИКАЦИИ ИЛИ ПРОИЗВОДСТВА
Страна публикации Российская Федерация
105 ## - ПОЛЕ КОДИРОВАННЫХ ДАННЫХ: ТЕКСТОВЫЕ МАТЕРИАЛЫ, МОНОГРАФИЧЕСКИЕ
Кодированные данные о монографическом текстовом документе e |||||||||
200 1# - ЗАГЛАВИЕ И СВЕДЕНИЯ ОБ ОТВЕТСТВЕННОСТИ
Основное заглавие Водное хозяйство гальванического производства
Сведения, относящиеся к заглавию Учеб. пособие для студентов по спец. 2503 "Технология электрохим. пр-в"
Первые сведения об ответственности С.С. Виноградов, С.Н. Виноградов
Последующие сведения об ответственности М-во общ. и проф. образования, Пенз. гос. ун-т
210 ## - ПУБЛИКАЦИЯ, РАСПРОСТРАНЕНИЕ И ДР.
Место издания, распространения и т.д. Пенза
Имя издателя, распространителя и т. д. Изд-во Пенз. гос. ун-та
Дата издания, распространения и т.д. 1998
215 ## - ФИЗИЧЕСКАЯ ХАРАКТЕРИСТИКА
Специфическое обозначение материала и объем 142 с.
Другие сведения о физической характеристике схем.
Размеры 20
320 ## - ПРИМЕЧАНИЯ О НАЛИЧИИ В ДОКУМЕНТЕ БИБЛИОГРАФИИ / УКАЗАТЕЛЯ
Текст примечания Библиогр.: с. 142
606 0# - НАИМЕНОВАНИЕ ТЕМЫ КАК ПРЕДМЕТ
Наименование темы Гальванические цехи
Формальный подзаголовок Руководства, пособия и т.п. для высшей школы
Тематический подзаголовок Водное хозяйство
Системный номер авторитетной/нормативной записи 1352968
Идентификатор авторитетной/нормативной записи RU\NLR\auth\66250626
606 0# - НАИМЕНОВАНИЕ ТЕМЫ КАК ПРЕДМЕТ
Наименование темы Гальванические цехи
Формальный подзаголовок Учебные издания для высшей школы
Тематический подзаголовок Водное хозяйство
Системный номер авторитетной/нормативной записи 1352968
Идентификатор авторитетной/нормативной записи RU\NLR\auth\66250626
606 0# - НАИМЕНОВАНИЕ ТЕМЫ КАК ПРЕДМЕТ
Наименование темы Гальванические цехи
Формальный подзаголовок Руководства, пособия и т.п. для высшей школы
Тематический подзаголовок Сточные воды
-- Очистка
Системный номер авторитетной/нормативной записи 1355758
Идентификатор авторитетной/нормативной записи RU\NLR\auth\66252135
606 0# - НАИМЕНОВАНИЕ ТЕМЫ КАК ПРЕДМЕТ
Наименование темы Гальванические цехи
Формальный подзаголовок Учебные издания для высшей школы
Тематический подзаголовок Сточные воды
-- Очистка
Системный номер авторитетной/нормативной записи 1355758
Идентификатор авторитетной/нормативной записи RU\NLR\auth\66252135
686 ## - ИНДЕКСЫ ДРУГИХ КЛАССИФИКАЦИЙ
Индекс К663.054.1-43я73-1
700 #1 - ИМЯ ЛИЦА - ПЕРВИЧНАЯ ОТВЕТСТВЕННОСТЬ
Код отношения Автор
Материалы, к которым относится поле rus
Графика поля Кириллица
Начальный элемент ввода Виноградов
Часть имени, кроме начального элемента ввода С. Н.
Даты 1932-
Дополнения к именам, кроме дат д-р техн. наук, электрохимия
Расширение инициалов личного имени Станислав Николаевич
Идентификатор авторитетной/нормативной записи RU\NLR\auth\7725317
Системный номер авторитетной/нормативной записи 8366
701 #1 - ИМЯ ЛИЦА - АЛЬТЕРНАТИВНАЯ ОТВЕТСТВЕННОСТЬ
Код отношения Автор
Материалы, к которым относится поле rus
Графика поля Кириллица
Начальный элемент ввода Виноградов
Часть имени, кроме начального элемента ввода С.С.
Дополнения к именам, кроме дат д-р техн. наук
Расширение инициалов личного имени Сергей Станиславович
Идентификатор авторитетной/нормативной записи RU\NLR\auth\7728574
Системный номер авторитетной/нормативной записи 11605
801 #0 - ИСТОЧНИК ЗАПИСИ
Страна Российская Федерация
Организация NLR
Дата составления 19990212
Правила каталогизации PSBO
801 #1 - ИСТОЧНИК ЗАПИСИ
Страна Российская Федерация
Организация NLR
Дата составления 19990212
830 ## - ОБЩЕЕ ПРИМЕЧАНИЕ, СОСТАВЛЕННОЕ КАТАЛОГИЗАТОРОМ
Текст примечания Авт. по кн.
852 ## - МЕСТОНАХОЖДЕНИЕ И ШИФР ХРАНЕНИЯ
Идентификатор организации NLR
Шифр хранения (Call Number) 98-3/9461
942 ## - ДОПОЛНИТЕЛЬНЫЕ ЭЛЕМЕНТЫ ЗАПИСИ (АБИС)
Тип экземпляра АБИС Книга
980 ## - КОЛЛЕКЦИЯ
Название коллекции Национальная библиография
Экземпляры
Тип экземпляра Дата поступления Библиотека постоянного хранения Библиотека текущего хранения Место хранения Шифр хранения Штрих-код Статус экземпляра
Книга 26.10.2013 РНБ (Московский) РНБ (Московский) Русский книжный фонд: издания с 1957 года 98-3/9461 13148-10